Ponížení a urazení (Record no. 20528)
[ view plain ]
| 000 -LEADER | |
|---|---|
| fixed length control field | 00798nam a2200253 a 4500 |
| 001 - CONTROL NUMBER | |
| control field | 20528 |
| 003 - CONTROL NUMBER IDENTIFIER | |
| control field | VRT |
| 005 - DATE AND TIME OF LATEST TRANSACTION | |
| control field | 20260124124645.0 |
| 008 - FIXED-LENGTH DATA ELEMENTS--GENERAL INFORMATION | |
| fixed length control field | 000816s1949 xo g 000 f slo d |
| 035 ## - SYSTEM CONTROL NUMBER | |
| System control number | UKB000254220 |
| 039 #9 - LEVEL OF BIBLIOGRAPHIC CONTROL AND CODING DETAIL [OBSOLETE] | |
| Level of rules in bibliographic description | 201203211048 |
| Level of effort used to assign nonsubject heading access points | juso |
| Level of effort used to assign subject headings | 201203211045 |
| Level of effort used to assign classification | juso |
| Level of effort used to assign subject headings | 201109291438 |
| Level of effort used to assign classification | gluc |
| 040 ## - CATALOGING SOURCE | |
| Original cataloging agency | BAA001 |
| Language of cataloging | slo |
| Transcribing agency | BAA001 |
| Description conventions | AACR2 |
| 041 1# - LANGUAGE CODE | |
| Language code of text/sound track or separate title | slo |
| Language code of original | rus |
| 044 ## - COUNTRY OF PUBLISHING/PRODUCING ENTITY CODE | |
| MARC country code | xo |
| ISO country code | SK |
| 100 1# - MAIN ENTRY--PERSONAL NAME | |
| Personal name | Dostojevskij, Fedor Michajlovič, |
| Dates associated with a name | 1821-1881 |
| 245 10 - TITLE STATEMENT | |
| Title | Ponížení a urazení |
| Remainder of title | román v 4.častiach |
| Statement of responsibility, etc. | F.M. Dostojevskij |
| 260 ## - PUBLICATION, DISTRIBUTION, ETC. | |
| Place of publication, distribution, etc. | [Turčiansky Sv. Martin] |
| Name of publisher, distributor, etc. | Matica slovenská |
| Date of publication, distribution, etc. | 1949 |
| 300 ## - PHYSICAL DESCRIPTION | |
| Extent | 397 s. |
| 700 1# - ADDED ENTRY--PERSONAL NAME | |
| Personal name | Rázusová-Martáková, Mária |
| Relationship | trl |
| 910 ## - USER-OPTION DATA (OCLC) | |
| User-option data | ukb |
| 942 ## - ADDED ENTRY ELEMENTS (KOHA) | |
| Source of classification or shelving scheme | Dewey Decimal Classification |
| Koha item type | Krásna literatúra pre dospelých |
| Suppress in OPAC | No |
| 949 ## - LOCAL PROCESSING INFORMATION (OCLC) | |
| 6 | 1800073204 |
| a | 20.F.02447 |
| b | PV.1118-50 |
| 949 ## - LOCAL PROCESSING INFORMATION (OCLC) | |
| 6 | 1800591259 |
| a | S.F.05016 |
| b | PV.1117-50 |
| Stav vyradenia | Strata | Poškodenie | Spôsob nadobudnutia | Domovská knižnica | Aktuálna knižnica | Dátum nadobudnutia | Total checkouts | Čiarový kód exemplára | Date last seen | Typ exemplára |
|---|---|---|---|---|---|---|---|---|---|---|
| Dar | Obecná knižnica Horná Štubňa | Obecná knižnica Horná Štubňa | 24.01.2026 | 4736200542 | 24.01.2026 | Krásna literatúra pre dospelých |
